| 000 | 00761ntm a22002057a 4500 | ||
|---|---|---|---|
| 005 | 20170809115148.0 | ||
| 008 | 170802n200? xx a frb 000 0 eng d | ||
| 040 |
_aEG-ScBUE _beng _cEG-ScBUE |
||
| 082 | 0 | 4 |
_222 _a624 _bABD |
| 100 | 1 | _aAbdel-aziz, Amr Mohammed Nasr. | |
| 245 | 1 |
_a12-Storey residential concrete building / _cby Amr Mohammed Nasr Abdel-Aziz. |
|
| 260 | _c[200?]. | ||
| 300 |
_a32 p. : _bill. (col.) ; _c28 cm. |
||
| 500 | _aA dissertation submitted to the faculty of engineering. the British university in Egypt, in partial Fulfillment of the requirements for the bachelor degree in civil engineering. | ||
| 590 | _akarima | ||
| 650 | 7 |
_2BUEsh _aCivil Engineering _vProjects |
|
| 653 |
_bENGCIV _cAugust2017 |
||
| 655 | _vSPRO | ||
| 942 | _2ddc | ||
| 999 |
_c25193 _d25165 |
||